1441 1130 1546 1166 1515 1401 1059 1161 1799 1240 1813 1978 1821 1854 1430 1373 1158 1562 1855 1741 1910 1482 1456 1186 1690 1798 1289 1043 1622 1621 1624 1925 1498 1486 1215 1722 1370 1093 1848 1081 1705 1039 1655 1104 1979 1330 1719 1384 1742 1569 1097 1081 1495 1293 1453 1880 1253 1153 1000 1186 1982 1582 1771 1918 1837 1469 1776 1401 1725 1613 1068 1336 1411 1230 1747 1391 1933 1429 1940 1215 1832 1709 1234 1879 1804 1137 1985 1193 1964 1808 1841 1438 1172 1476 1213 1888 1376 1654 1707 BCNSPRNW ULIB Ver.6.0+V

เปลี่ยนเป็นภาษาไทย

Change to English
 แสดงรายละเอียดบรรณานุกรม
  กลับหน้าหลัก

Brief Record : Get Marc (ISO 2709) : E-mail record : QR code < ปิดหน้าต่าง
LEADER : 00000nam 2200000uu 4500
001    13399114590
003     ULIB
008    120418s2550||||th 000 0 tha d
020    ^a9789744348531
090    ^aนว.^bร190พ 2550
100 0  ^aรอมแพง
245 00 ^aพรายเนตรทิพย์/^cรอมแพง
250    ^aพิมพ์ครั้งที่ 1
260    ^aกรุงเทพฯ :^bฟิสิกส์เซ็นเตอร์,^c2550
300    ^a302 หน้า
710 1  ^aฟิสิกส์เซ็นเตอร์
945    ^p195^l0^i14562
995    ^aกัณชพร
999    ^aใช้งานได้ทุกระบบ
รายการนี้ยังไม่มีแท็ก
คุณยังไม่ได้ล็อกอิน คุณสามารถมีกิจกรรมร่วมกับเว็บไซต์ได้ แต่ต้องล็อกอินก่อน ::
  ล็อกอิน

รายการสื่อสารสนเทศ

ลำดับที่ ประเภท เลขเรียก/บาร์โค้ด สถานที่ สถานะ
1. วิทยาศาสตร์การแพทย์ และสุขภาพ
วิทยาศาสตร์การแพทย์ และสุขภาพ
นว. ร190พ 2550  
  Barcode: 14562
ห้องสมุดวิทยาเขตสวรรค์ประชารักษ์
►นวนิยาย
บนชั้น
  ขอยืม

รายการใกล้เคียง
    ผู้แต่ง [รอมแพง]

BibComment


ยังไม่เคยถูกคอมเมนท์

คอมเมนท์ทรัพยากรรายการนี้
  คอมเมนท์: พรายเนตรทิพย์ รอ..


 Copyright 2026. Bcnsprnw @Library